[Event "Warren (MCO/2/21)"]
[Site "?"]
[Date "1986.??.??"]
[Round "?"]
[White "Johnson, Ri"]
[Black "Robbins, Fred"]
[Result "1-0"]
[WhiteElo "1990"]
[BlackElo "1625"]
[PlyCount "71"]
[EventDate "1986.??.??"]

{2/(21)} 1. c4 Nf6 2. Nc3 b6 3. Nf3 Bb7 4. g3 e6 5. Bg2 Be7 6. O-O c5 7. b3 d6
8. Bb2 O-O 9. Qc2 Nbd7 10. Rad1 a6 11. d4 Qc7 12. d5 e5 13. Ng5 h6 14. Nh3 Bc8
15. Kh1 Ne8 16. e4 Qd8 17. f4 exf4 18. gxf4 Nc7 19. Rg1 Bf6 20. Qe2 Bd4 21. e5
dxe5 22. d6 Ne6 23. Bxa8 Bxg1 24. Rxg1 exf4 25. Nd5 g6 26. Ne7+ Kh7 27. Be4 f5
28. Rxg6 Qxe7 29. dxe7 Kxg6 30. exf8=Q Ndxf8 31. Qg2+ Ng5 32. Nxf4+ Kh7 33. h4
Ng6 34. Nxg6 Kxg6 35. hxg5 hxg5 36. Qg4 1-0

[Event "Monroe (MI Op/7/10)"]
[Site "?"]
[Date "1986.??.??"]
[Round "?"]
[White "Johnson, Ri"]
[Black "Owens, James"]
[Result "1/2-1/2"]
[WhiteElo "1990"]
[BlackElo "1940"]
[PlyCount "79"]
[EventDate "1986.??.??"]

{7/(10)} 1. e4 c5 2. Nf3 d6 3. d4 cxd4 4. Nxd4 Nf6 5. Nc3 a6 6. Bc4 b5 7. Bb3
Bb7 8. f3 g6 9. Be3 Bg7 10. Qd2 O-O 11. O-O Nbd7 12. a3 Ne5 13. Kh1 Nc4 14.
Bxc4 bxc4 15. Bh6 Bxh6 16. Qxh6 Qb6 17. Qd2 Rfd8 18. Rfe1 e5 19. Nf5 Rd7 20.
Ne3 Rc8 21. Red1 Ne8 22. Ned5 Qd8 23. b4 cxb3 24. cxb3 Ng7 25. b4 Rb8 26. Rac1
Ne6 27. Ne2 Kg7 28. Rc3 h6 29. Rdc1 Kh7 30. g3 f5 31. Rf1 Rf7 32. Rcc1 Qf8 33.
Kg2 Ng5 34. h4 Ne6 35. Qc3 Rc8 36. Qd2 Rxc1 37. Qxc1 g5 38. Nec3 Rg7 39. h5 Rf7
40. Qd1 1/2-1/2

[Event "Warren (MCO/4/8)"]
[Site "?"]
[Date "1986.??.??"]
[Round "?"]
[White "Johnson, Ri"]
[Black "Finegold, Ron"]
[Result "0-1"]
[WhiteElo "1990"]
[BlackElo "2125"]
[PlyCount "80"]
[EventDate "1986.??.??"]

{4/(8)} 1. c4 e6 2. Nf3 d5 3. d4 c6 4. Nc3 Nf6 5. Bg5 Be7 6. e3 Nbd7 7. Bd3
dxc4 8. Bxc4 h6 9. Bh4 Nd5 10. Bxe7 Qxe7 11. Ne4 N5f6 12. Ned2 O-O 13. O-O e5
14. dxe5 Nxe5 15. Nxe5 Qxe5 16. Nf3 Qxb2 17. Qd3 Qb4 18. Ne5 Be6 19. Rfb1 Qa5
20. Bxe6 Qxe5 21. Bb3 Rfd8 22. Qc2 Ng4 23. Bxf7+ Kxf7 24. Qc4+ Qe6 25. Rxb7+
Kf6 26. Qxe6+ Kxe6 27. Rxg7 Nf6 28. Rc1 c5 29. f3 Rd7 30. Rg6 Rc8 31. Rxh6 c4
32. Rh4 c3 33. Kf1 Rd2 34. g4 Nd5 35. Ke1 Rg2 36. Rh6+ Kf7 37. Rd6 Rg1+ 38. Ke2
Rxc1 39. Rxd5 c2 40. Rd2 Rb1 0-1

[Event "Monroe (MI Op/2/8)"]
[Site "?"]
[Date "1986.??.??"]
[Round "?"]
[White "Johnson, Ri"]
[Black "Finegold, Ron"]
[Result "0-1"]
[WhiteElo "1990"]
[BlackElo "2125"]
[PlyCount "100"]
[EventDate "1986.??.??"]

{2/(8)} 1. c4 e5 2. Nc3 f5 3. g3 Nf6 4. Bg2 c6 5. Nh3 Be7 6. d3 O-O 7. O-O d6
8. Kh1 Nbd7 9. b3 Nc5 10. Qc2 Qe8 11. Qd2 f4 12. gxf4 Qh5 13. Qe3 Ng4 14. Qf3
Ne6 15. e3 exf4 16. exf4 Bf6 17. Bd2 Nd4 18. Qd1 Nf5 19. Bf3 Nfh6 20. Bg2 Qh4
21. Rc1 Bd4 22. Qf3 Ne5 23. Qg3 Qxg3 24. hxg3 Nxd3 25. Rb1 Bxh3 26. Bxh3 Nxf2+
27. Kg2 Nxh3 28. Kxh3 Rfe8 29. Rbe1 Nf7 30. Kg4 g6 31. Kf3 h5 32. Re4 Bxc3 33.
Bxc3 Rxe4 34. Kxe4 Re8+ 35. Kd3 Nh6 36. Bd4 a6 37. Bf2 Kf7 38. a4 Ng4 39. Bb6
Re6 40. f5 Rf6 41. fxg6+ Kxg6 42. Rxf6+ Kxf6 43. Ke4 Ne5 44. Bd4 Ke6 45. Kf4
Nf7 46. g4 hxg4 47. Kxg4 Ne5+ 48. Kf4 Nd3+ 49. Ke3 Nc1 50. b4 {[Remainder
illegible; 0-1, 64?]} c5 0-1

[Event "Monroe (MI Op/3/12)"]
[Site "?"]
[Date "1986.??.??"]
[Round "?"]
[White "Jarosz, Stan"]
[Black "Yahkind, Alex"]
[Result "1/2-1/2"]
[WhiteElo "2015"]
[BlackElo "2095"]
[PlyCount "49"]
[EventDate "1986.??.??"]

{3/(12)} 1. c4 e5 2. Nc3 Nf6 3. Nf3 d6 4. g3 Be7 5. Bg2 O-O 6. O-O c6 7. d3 h6
8. Rb1 a5 9. a3 Be6 10. b4 axb4 11. axb4 Nbd7 12. b5 d5 13. bxc6 bxc6 14. cxd5
cxd5 15. d4 e4 16. Ne5 Qc8 17. Nxd7 Bxd7 18. Bd2 Qc4 19. e3 Rfb8 20. Re1 Bg4
21. Bf1 Qc8 22. Qc2 Qf5 23. Rxb8+ Rxb8 24. Rb1 Rxb1 25. Qxb1 1/2-1/2

[Event "Monroe (RVO/5/4)"]
[Site "?"]
[Date "1986.??.??"]
[Round "?"]
[White "Jarosz, Stan"]
[Black "Van Meter, L.."]
[Result "1-0"]
[WhiteElo "2015"]
[BlackElo "2350"]
[PlyCount "73"]
[EventDate "1986.??.??"]

{5/(4)} 1. d4 Nf6 2. Nf3 g6 3. c3 Bg7 4. Bf4 d6 5. h3 c6 6. Nbd2 a6 7. e4 b5 8.
Bd3 O-O 9. a4 Bb7 10. axb5 cxb5 11. O-O Nbd7 12. Re1 Nh5 13. Be3 e5 14. dxe5
Nxe5 15. Nxe5 dxe5 16. Nb3 Qc7 17. Nc5 Rfd8 18. Nxb7 Qxb7 19. Qe2 Rd7 20. Bc2
Nf6 21. Bg5 h6 22. Bxf6 Bxf6 23. Red1 Bg5 24. Bb3 Rad8 25. Bd5 Qb6 26. Ra2 a5
27. Rda1 a4 28. c4 bxc4 29. Rxa4 Rc8 30. Ra6 Qd4 31. Rd1 Qc5 32. Rxg6+ Kh7 33.
Ra6 c3 34. bxc3 Qxc3 35. Qg4 Rcc7 36. h4 Bd2 37. Ra8 1-0

[Event "Taylor (SEMO/4/3)"]
[Site "?"]
[Date "1986.??.??"]
[Round "?"]
[White "Jarosz, Stan"]
[Black "Kitts, Gary"]
[Result "1/2-1/2"]
[WhiteElo "1960"]
[BlackElo "2130"]
[PlyCount "99"]
[EventDate "1986.??.??"]

{4/(3)} 1. d4 Nf6 2. Nf3 g6 3. c3 Bg7 4. Bf4 O-O 5. Nbd2 d5 6. e3 Nh5 7. Be5 f6
8. Bg3 Nxg3 9. hxg3 e5 10. dxe5 fxe5 11. Qb3 c6 12. e4 Qb6 13. exd5 Qxb3 14.
Nxb3 cxd5 15. Rd1 e4 16. Ng5 h6 17. Nh3 Nc6 18. Rxd5 g5 19. Rd6 Ne5 20. Nc5 Bf5
21. Ne6 Bxe6 22. Rxe6 Rad8 23. Re7 Rf7 24. Rxe5 Bxe5 25. Bc4 e3 26. fxe3 Bxg3+
27. Ke2 Kg7 28. Bxf7 Kxf7 29. Rd1 Rxd1 30. Kxd1 Ke6 31. Ke2 Kf5 32. Kf3 Bd6 33.
Nf2 h5 34. e4+ Kf6 35. Nd3 g4+ 36. Ke3 h4 37. c4 h3 38. gxh3 gxh3 39. Kf3 h2
40. Kg2 Ke6 41. c5 Bc7 42. b4 a6 43. a4 Bb8 44. b5 axb5 45. axb5 Bc7 46. b6 Bg3
47. e5 Kd5 48. Kh1 Bxe5 49. Nxe5 Kxc5 50. Nf7 1/2-1/2

[Event "Monroe (MI Op/5/18)"]
[Site "?"]
[Date "1986.??.??"]
[Round "?"]
[White "Jarosz, Stan"]
[Black "Ifill, Don"]
[Result "1/2-1/2"]
[WhiteElo "2015"]
[BlackElo "1800"]
[PlyCount "135"]
[EventDate "1986.??.??"]

{5/(18)} 1. c4 g6 2. Nc3 Bg7 3. g3 e6 4. Bg2 d6 5. e4 Nd7 6. Nge2 Ne7 7. O-O
O-O 8. d3 b6 9. e5 Rb8 10. exd6 cxd6 11. Nb5 Nf5 12. Nxa7 Bb7 13. Nc6 Bxc6 14.
Bxc6 Ne5 15. Bg2 Qc7 16. Rb1 Rfc8 17. b3 Qa7 18. a4 Re8 19. Bb2 Rbd8 20. d4 Ng4
21. d5 e5 22. Nc3 Nf6 23. Nb5 Qb8 24. Re1 Bf8 25. Bh3 Ng7 26. Bc3 Nd7 27. Bxd7
Rxd7 28. a5 bxa5 29. Ra1 f5 30. Rxa5 Be7 31. Qa1 Nh5 32. Ra7 Rb7 33. Qa6 Rb6
34. Qa4 Nf6 35. Bd2 Ne4 36. Be3 Rb7 37. Qa6 Rxa7 38. Bxa7 Qc8 39. Qxc8 Rxc8 40.
Be3 Kf7 41. f3 Nf6 42. Ra1 e4 43. Ra7 Ke8 44. Bd4 Nd7 45. fxe4 fxe4 46. Nc7+
Kf7 47. Ne6 Ke8 48. Ra8 Rxa8 49. Nc7+ Kf7 50. Nxa8 Bd8 51. b4 Nf6 52. Nb6 Ke8
53. Na4 Ng4 54. h3 Nh6 55. g4 Nf7 56. Kg2 Ng5 57. c5 Nf3 58. Bg1 Ne1+ 59. Kf1
Nd3 60. c6 Nxb4 61. Bh2 Nxd5 62. Bxd6 h5 63. gxh5 gxh5 64. Nc5 e3 65. Ke2 Bb6
66. Ne4 Kd8 67. h4 Kc8 68. Bh2 1/2-1/2

[Event "Taylor (SEMO/3/2)"]
[Site "?"]
[Date "1986.??.??"]
[Round "?"]
[White "Jarosz, Stan"]
[Black "Hartigan, C.."]
[Result "1-0"]
[WhiteElo "1960"]
[BlackElo "2175"]
[PlyCount "117"]
[EventDate "1986.??.??"]

{3/(2)} 1. d4 Nf6 2. Nf3 d5 3. Bf4 c5 4. e3 cxd4 5. exd4 Nc6 6. c3 Bg4 7. Qb3
Qc8 8. Nbd2 e6 9. Bd3 Bh5 10. Ne5 Nxe5 11. dxe5 Nd7 12. O-O Be7 13. Qc2 Bg6 14.
Nb3 O-O 15. Bxg6 hxg6 16. Qe2 Nb6 17. Rae1 Qc4 18. Qd2 Na4 19. Nd4 Nc5 20. b3
Qd3 21. Qc1 Qa6 22. Qe3 Rac8 23. Rc1 Qd3 24. c4 Qxe3 25. Bxe3 Nd3 26. Rfd1 dxc4
27. Nb5 a6 28. Nd6 Bxd6 29. exd6 Ne5 30. d7 Ra8 31. f4 Nc6 32. bxc4 f6 33. Bb6
Nd8 34. Rd6 Kf7 35. Re1 Rh8 36. c5 Rh5 37. Rb1 Ke7 38. Bxd8+ Rxd8 39. Rxb7 Rxc5
40. Rxa6 Rc4 41. g3 Rc2 42. Raa7 Rd2 43. a4 Rd1+ 44. Kf2 Rd2+ 45. Ke3 Rxh2 46.
Rc7 Rg2 47. Kf3 Ra2 48. a5 Ra3+ 49. Kg2 Ra2+ 50. Kf3 Ra3+ 51. Kg2 Kd6 52. Rc2
Ke7 53. a6 Rxd7 54. Rcc7 Rxc7 55. Rxc7+ Kf8 56. a7 Kg8 57. Rc8+ Kh7 58. a8=Q
Rxa8 59. Rxa8 1-0

[Event "Monroe (RVO/3/13)"]
[Site "?"]
[Date "1986.??.??"]
[Round "?"]
[White "Jarosz, Stan"]
[Black "Gabriel, R.."]
[Result "1-0"]
[WhiteElo "2015"]
[BlackElo "1785"]
[PlyCount "83"]
[EventDate "1986.??.??"]

{3/(13)} 1. d4 d5 2. Nf3 Bg4 3. Bf4 e6 4. e3 Nd7 5. Nbd2 Ngf6 6. Bd3 Be7 7. O-O
Nh5 8. h3 Nxf4 9. exf4 Bh5 10. f5 Bxf3 11. Qxf3 O-O 12. fxe6 fxe6 13. Qg4 Rf6
14. Nf3 Nf8 15. Rae1 Bd6 16. Ne5 Rh6 17. f4 Qh4 18. Qf3 c5 19. c3 c4 20. Bb1
Rd8 21. Ng4 Rh5 22. Re2 Re8 23. g3 Qe7 24. Nf6+ Qxf6 25. Qxh5 g6 26. Qf3 b5 27.
Kg2 a5 28. f5 a4 29. fxg6 Qxf3+ 30. Rxf3 hxg6 31. Ref2 b4 32. cxb4 Bxb4 33. Rf7
Ba5 34. Rb7 c3 35. b4 axb3 36. axb3 c2 37. Rxc2 Rd8 38. b4 Ra8 39. bxa5 Rxa5
40. Rc8 Ra4 41. Bxg6 Rxd4 42. Bh7+ 1-0

[Event "Taylor (SEMO/1/14)"]
[Site "?"]
[Date "1986.??.??"]
[Round "?"]
[White "Jarosz, Stan"]
[Black "Gaba, H.."]
[Result "1-0"]
[WhiteElo "1960"]
[BlackElo "1805"]
[PlyCount "132"]
[EventDate "1986.??.??"]

{1/(14)} 1. d4 d5 2. c4 Nf6 3. cxd5 Nxd5 4. Nf3 Bf5 5. Nbd2 Nf6 6. e3 a6 7. Be2
e6 8. O-O Be7 9. b4 Bxb4 10. Qb3 Bd6 11. Qxb7 Nbd7 12. Qb3 O-O 13. Ba3 h6 14.
Bxd6 cxd6 15. Rfc1 d5 16. Qb7 a5 17. Rc3 Rb8 18. Qc7 Ne4 19. Nxe4 dxe4 20. Ne5
Nxe5 21. Qxe5 Rb2 22. Bf1 Qb6 23. Qc5 Qb8 24. Qxa5 Rxf2 25. Rb3 Rxf1+ 26. Rxf1
Qc8 27. Qc5 Qa6 28. Ra3 Qe2 29. Qc1 Rb8 30. Rf2 Qg4 31. Rb3 Rd8 32. Qc7 Qg5 33.
Rb8 Rxb8 34. Qxb8+ Kh7 35. Qf4 Qe7 36. Rc2 Qb4 37. Qf1 Bg6 38. Qc1 Qa5 39. Qd2
Qb5 40. Rb2 Qa4 41. Rb4 Qa3 42. Rb3 Qa4 43. Qb2 Qa5 44. Rc3 e5 45. dxe5 Qxe5
46. Qb3 Qa5 47. a3 Qa6 48. Qc4 Qb6 49. Qc5 Qb1+ 50. Rc1 Qd3 51. a4 f5 52. Qc3
Qa6 53. a5 f4 54. exf4 e3 55. Re1 e2 56. Qc5 Bd3 57. f5 Qf6 58. Qf2 Qc3 59. f6
gxf6 60. Qa7+ Kg8 61. Kf2 Qc4 62. Qe3 Qb5 63. Rc1 Qf5+ 64. Qf3 Qb5 65. Qg4+ Qg5
66. Qxg5+ hxg5 1-0

[Event "Monroe (MI Op/1a/16)"]
[Site "?"]
[Date "1986.??.??"]
[Round "?"]
[White "Jarosz, Stan"]
[Black "Fletcher, G.."]
[Result "1-0"]
[WhiteElo "2015"]
[BlackElo "1605"]
[PlyCount "61"]
[EventDate "1986.??.??"]

1. c4 e5 2. Nc3 Nf6 3. Nf3 Nc6 4. g3 Bc5 5. Bg2 d6 6. O-O O-O 7. Na4 e4 8. Ne1
Bd4 9. Nc2 Be6 10. Nxd4 Nxd4 11. b3 Qd7 12. Bb2 c5 13. d3 Bh3 14. dxe4 Bxg2 15.
Kxg2 Nxe4 16. Bxd4 cxd4 17. Qxd4 Qc6 18. f3 Rfe8 19. fxe4 Rxe4 20. Qd5 Rxe2+
21. Rf2 Re5 22. Qxc6 bxc6 23. Rd1 Rd8 24. Nc3 d5 25. cxd5 cxd5 26. Rfd2 Re6 27.
Rxd5 Rde8 28. Rd8 Kf8 29. Rxe8+ Rxe8 30. Rd2 Rc8 31. Nd1 1-0

[Event "Monroe (RVO/1/2)"]
[Site "?"]
[Date "1986.??.??"]
[Round "?"]
[White "Jarosz, Stan"]
[Black "Finegold, Ben"]
[Result "0-1"]
[WhiteElo "2015"]
[BlackElo "2445"]
[PlyCount "84"]
[EventDate "1986.??.??"]

{1/(2)} 1. d4 d5 2. Nf3 Nc6 3. Bf4 Bg4 4. Nbd2 Nf6 5. c3 e6 6. e3 Bd6 7. Qc2
Qe7 8. Bb5 O-O 9. Bxc6 bxc6 10. b4 a5 11. bxa5 Rxa5 12. a4 Bf5 13. Qb2 Rfa8 14.
O-O Rxa4 15. Ne5 Qe8 16. Rxa4 Rxa4 17. Qb7 Qa8 18. Qxa8+ Rxa8 19. Nxc6 Bxf4 20.
exf4 Ra2 21. Nb3 Rb2 22. Ra1 h6 23. Ne7+ Kf8 24. Nxf5 Rxb3 25. Ne3 Rxc3 26. g3
g6 27. h3 Ke7 28. g4 Ne4 29. f5 Nd6 30. Re1 Kf6 31. fxe6 fxe6 32. Ng2 g5 33.
Ne3 Nc4 34. Nxc4 Rxc4 35. Rd1 e5 36. dxe5+ Kxe5 37. Kg2 c5 38. Re1+ Re4 39. Rd1
c4 40. Kf3 c3 41. Rc1 Kd4 42. Rc2 Kd3 $138 0-1

[Event "Kalamazoo (WMUSO/3/6)"]
[Site "?"]
[Date "1986.??.??"]
[Round "?"]
[White "Jackson, J.."]
[Black "Yoder, R.."]
[Result "1/2-1/2"]
[WhiteElo "1880"]
[BlackElo "2125"]
[PlyCount "186"]
[EventDate "1986.??.??"]

{3/(6)} 1. e4 c5 2. Nf3 d6 3. d4 cxd4 4. Nxd4 Nf6 5. Nc3 g6 6. Be3 Bg7 7. f3
Nc6 8. Qd2 Bd7 9. Bc4 Rc8 10. Bb3 Ne5 11. Bh6 Bxh6 12. Qxh6 Nc4 13. Bxc4 Rxc4
14. Nb3 b5 15. O-O-O Qc7 16. Rd2 a5 17. Nd5 Nxd5 18. exd5 a4 19. Nd4 Qc5 20.
Qg7 Rf8 21. Re1 Qxd5 22. Ne6 Qxe6 23. Rxe6 Bxe6 24. b3 axb3 25. axb3 Rc5 26.
Kb2 h5 27. Qh6 Rc8 28. Qe3 Rc5 29. b4 Rc8 30. Qb6 Bc4 31. Qb7 Kd8 32. Rd1 Rc7
33. Qb6 Kd7 34. Re1 Rfc8 35. Ra1 d5 36. Qe3 Ke8 37. Qe5 f6 38. Qg3 Kf7 39. Qf2
e5 40. c3 Bd3 41. Ra7 Ke8 42. Rxc7 Rxc7 43. Qb6 Rf7 44. Qe6+ Kf8 45. Qxd5 Bc4
46. Qd6+ Kg7 47. Qb6 Rd7 48. Kc2 Bd3+ 49. Kc1 Bc4 50. Qc6 Rf7 51. Kd2 Ra7 52.
Ke1 h4 53. Qc5 Ra1+ 54. Kd2 Ra2+ 55. Kc1 Rxg2 56. Qe7+ Bf7 57. c4 bxc4 58. b5
Rxh2 59. b6 Rh1+ 60. Kc2 Rh2+ 61. Kc3 Rf2 62. b7 Rxf3+ 63. Kc2 Rb3 64. Qc7 h3
65. b8=Q Rxb8 66. Qxb8 Be6 67. Qa7+ Kh6 68. Qe3+ g5 69. Qf2 Kg6 70. Qg3 g4 71.
Kc3 Kg5 72. Kd2 Bd5 73. Kc3 Be6 74. Kd2 Bf5 75. Qe3+ Kh5 76. Qf2 Kg6 77. Qh4
Be6 78. Kc3 e4 79. Kd4 Bf5 80. Kxc4 e3 81. Kc3 Bd7 82. Qg3 Kg5 83. Qxe3+ Kh4
84. Qf2+ g3 85. Qxf6+ Kg4 86. Qg7+ Kf3 87. Qxd7 Kg2 88. Qd2+ Kh1 89. Qe1+ Kh2
90. Qe5 Kg2 91. Qe4+ Kh2 92. Qf4 Kg2 93. Qe4+ Kh2 1/2-1/2

[Event "Kalamazoo (WMUSO/5/6)"]
[Site "?"]
[Date "1986.??.??"]
[Round "?"]
[White "Jackson, J.."]
[Black "Moody, David"]
[Result "1/2-1/2"]
[WhiteElo "1880"]
[BlackElo "1970"]
[PlyCount "49"]
[EventDate "1986.??.??"]

{5/(6)} 1. e4 e5 2. Nf3 Nc6 3. d4 exd4 4. Nxd4 Nf6 5. Nxc6 bxc6 6. Nc3 Bb4 7.
Bd3 d5 8. exd5 cxd5 9. O-O O-O 10. Bg5 Bxc3 11. bxc3 Qd6 12. Be2 Ne4 13. Bd2
Be6 14. Bf3 Nxd2 15. Qxd2 Rab8 16. Rfd1 c6 17. c4 Rfd8 18. cxd5 cxd5 19. Qd4
Qb6 20. Qxb6 axb6 21. Rd4 Rbc8 22. Rc1 Rc4 23. c3 Rdc8 24. Rxc4 Rxc4 25. Be2
1/2-1/2

[Event "Taylor (SEMO/3/14)"]
[Site "?"]
[Date "1986.??.??"]
[Round "?"]
[White "Jackson, J.."]
[Black "Lewis, Derrick"]
[Result "0-1"]
[WhiteElo "1900"]
[BlackElo "1980"]
[PlyCount "90"]
[EventDate "1986.??.??"]

{3/(14)} 1. e4 e5 2. Nf3 Nf6 3. Nc3 Bc5 4. Nxe5 d5 5. d4 Bb4 6. exd5 Nxd5 7.
Bd2 Nxc3 8. bxc3 Bd6 9. Nf3 O-O 10. Be2 Bg4 11. O-O Nd7 12. Ng5 Bxe2 13. Qxe2
Re8 14. Qh5 h6 15. Qxf7+ Kh8 16. Ne6 Qe7 17. Qxe7 Rxe7 18. Nf4 Kh7 19. Nd5 Re2
20. Rad1 Rf8 21. Ne3 Nb6 22. g3 g5 23. c4 c5 24. d5 Na4 25. Bc1 Nc3 26. Rd3
Nxa2 27. Bb2 Nb4 28. Rb3 b6 29. c3 Nd3 30. Nd1 g4 31. Ba3 Ne5 32. Ne3 Nd3 33.
Nd1 Rf3 34. Rb1 h5 35. Bc1 h4 36. Be3 hxg3 37. hxg3 Bxg3 38. fxg3 Rxg3+ 39. Kh1
Rh3+ 40. Kg1 Ne1 41. Bf2 Nf3+ 42. Kg2 Nh4+ 43. Kg1 g3 44. Re1 g2 45. Bxh4 Rh1#
0-1

[Event "Taylor (SEMO/2/13)"]
[Site "?"]
[Date "1986.??.??"]
[Round "?"]
[White "Jackson, J.."]
[Black "Conley, Steve"]
[Result "0-1"]
[WhiteElo "1900"]
[BlackElo "1810"]
[PlyCount "62"]
[EventDate "1986.??.??"]

{2/(13)} 1. e4 e6 2. d4 d5 3. Nc3 dxe4 4. Nxe4 Nd7 5. Nf3 b6 6. Ng3 Bb7 7. Bb5
c6 8. Be2 Ngf6 9. O-O Be7 10. c3 O-O 11. Re1 c5 12. h3 cxd4 13. Nxd4 h6 14. Bf3
Bxf3 15. Qxf3 Bd6 16. Bd2 Ne5 17. Qe2 Ng6 18. Ne4 Nd5 19. Nxd6 Qxd6 20. Rad1
Rfe8 21. Nf3 Qc7 22. g3 Qc5 23. c4 Nde7 24. Be3 Qc7 25. Nd4 Nf5 26. Nxf5 exf5
27. Qc2 f4 28. gxf4 Nh4 29. Qe2 Qc6 30. Rd5 Qg6+ 31. Qg4 Nf3+ 0-1

[Event "Kalamazoo (WMUSO/1/17)"]
[Site "?"]
[Date "1986.??.??"]
[Round "?"]
[White "Jackson, J.."]
[Black "Carroll, Mitchell"]
[Result "1-0"]
[WhiteElo "1880"]
[BlackElo "1605"]
[PlyCount "49"]
[EventDate "1986.??.??"]

{1/(17)} 1. e4 e5 2. Nf3 Nc6 3. Bb5 a6 4. Ba4 Nf6 5. O-O b5 6. Bb3 d6 7. d3 Be7
8. Nc3 O-O 9. a3 Bg4 10. h3 Bh5 11. Bg5 Nd4 12. g4 Nxg4 13. Bxe7 Qxe7 14. Nxd4
exd4 15. Nd5 Qg5 16. f4 Qh4 17. hxg4 Bxg4 18. Qe1 Qh6 19. Qg3 Bh3 20. Rf2 Bd7
21. Rh2 Qg6 22. Ne7+ Kh8 23. Nxg6+ Kg8 24. Ne7+ Kh8 25. Rxh7+ 1-0

[Event "Warren (MCO/4/39)"]
[Site "?"]
[Date "1986.??.??"]
[Round "?"]
[White "Iverson, B.."]
[Black "Keeley, G.."]
[Result "1-0"]
[WhiteElo "1655"]
[BlackElo "1605"]
[PlyCount "59"]
[EventDate "1986.??.??"]

{4/(39)} 1. d4 Nf6 2. Nf3 e6 3. e3 c5 4. Bd3 Nc6 5. c3 d5 6. Nbd2 Bd6 7. O-O b6
8. Re1 Bb7 9. e4 dxe4 10. Nxe4 Nxe4 11. Bxe4 O-O 12. Bxh7+ Kxh7 13. Ng5+ Kg8
14. Qh5 Re8 15. Qxf7+ Kh8 16. Re4 Bf4 17. Qh5+ Kg8 18. Qh7+ Kf8 19. Rxf4+ Ke7
20. Qxg7+ Kd6 21. Nf7+ Kd7 22. Nxd8+ Re7 23. Rf7 Rxd8 24. Bg5 Rde8 25. Bxe7
Nxe7 26. dxc5 Bd5 27. Rd1 bxc5 28. c4 Kc8 29. Rxe7 Rg8 30. Qxg8# 1-0

[Event "Warren (MCO/2/27)"]
[Site "?"]
[Date "1986.??.??"]
[Round "?"]
[White "Iverson, B.."]
[Black "Blocker, C.."]
[Result "0-1"]
[WhiteElo "1655"]
[BlackElo "2485"]
[PlyCount "30"]
[EventDate "1986.??.??"]

{2/(27)} 1. d4 Nf6 2. Bg5 c5 3. d5 Ne4 4. Be3 d6 5. f3 Nf6 6. Nc3 g6 7. Qd2 Qa5
8. Bh6 Bxh6 9. Qxh6 Nxd5 10. Qd2 Nxc3 11. Qxc3 Qxc3+ 12. bxc3 Nc6 13. e4 Bd7
14. Bc4 Na5 15. Bb3 c4 0-1

[Event "Monroe (MI Op/1a/11)"]
[Site "?"]
[Date "1986.??.??"]
[Round "?"]
[White "Ifill, Don"]
[Black "Yahkind, Alex"]
[Result "0-1"]
[WhiteElo "1800"]
[BlackElo "2095"]
[PlyCount "102"]
[EventDate "1986.??.??"]

1. a3 e5 2. b4 d5 3. e3 Nf6 4. Bb2 Bd6 5. h3 O-O 6. d3 a5 7. c3 Re8 8. g3 Nbd7
9. Bg2 e4 10. Ne2 Ne5 11. Nf4 g5 12. dxe4 dxe4 13. Nd2 gxf4 14. Nxe4 f3 15.
Bxf3 Nxf3+ 16. Qxf3 Nxe4 17. c4 Bxb4+ 18. axb4 Qd2+ 19. Kf1 Qxb2 20. Kg2 Qxf2+
21. Qxf2 Nxf2 22. Kxf2 a4 23. Ra3 Be6 24. Rha1 Bxc4 25. Rxa4 Rxa4 26. Rxa4 Bb5
27. Ra7 Ba6 28. b5 Bxb5 29. Rxb7 c6 30. Rc7 Kg7 31. Kf3 Kf6 32. g4 Ke6 33. Kf4
Re7 34. Rc8 Kd6 35. Rd8+ Rd7 36. Rh8 Bd3 37. e4 Rc7 38. h4 c5 39. Rxh7 c4 40.
Ke3 Ke5 41. g5 c3 42. g6 c2 43. Rxf7 c1=Q+ 44. Kf3 Rxf7+ 45. gxf7 Qf1+ 46. Ke3
Qxf7 47. Kxd3 Qf3+ 48. Kc2 Qxe4+ 49. Kd2 Qg2+ 50. Kc1 Kd4 51. h5 Kc3 0-1

[Event "Monroe (MI Op/6/18)"]
[Site "?"]
[Date "1986.??.??"]
[Round "?"]
[White "Ifill, Don"]
[Black "Stefanski, Mark"]
[Result "1/2-1/2"]
[WhiteElo "1800"]
[BlackElo "1910"]
[PlyCount "87"]
[EventDate "1986.??.??"]

{6/(18)} 1. g3 d5 2. Bg2 Bf5 3. d3 Nf6 4. Nd2 e5 5. a3 Bc5 6. b4 Bb6 7. Bb2
Nbd7 8. c4 c6 9. Qb3 Be6 10. Ngf3 e4 11. Ng5 e3 12. fxe3 Bxe3 13. Nxe6 fxe6 14.
Nf1 Bb6 15. Nd2 Be3 16. Nf3 Qe7 17. d4 Bh6 18. O-O Ng4 19. Bc1 Bxc1 20. Raxc1
dxc4 21. Rxc4 Nb6 22. Rc5 Nd5 23. Ne5 Nxe5 24. dxe5 Rf8 25. Rf3 Qg5 26. e4 Rxf3
27. Qxf3 Qe3+ 28. Kf1 Ke7 29. exd5 Qxe5 30. Qc3 Rf8+ 31. Kg1 Qe2 32. d6+ Kd8
33. Qc4 Qe3+ 34. Kh1 Qe1+ 35. Bf1 Rxf1+ 36. Kg2 Qf2+ 37. Kh3 Qf6 38. b5 Rf5 39.
bxc6 Qh6+ 40. Kg2 Qd2+ 41. Kh3 Qh6+ 42. Kg2 Qd2+ 43. Kh3 Qh6+ 44. Kg2 1/2-1/2

[Event "Monroe (MI Op/3/14)"]
[Site "?"]
[Date "1986.??.??"]
[Round "?"]
[White "Ifill, Don"]
[Black "Mazuchowski, Tom"]
[Result "0-1"]
[WhiteElo "1800"]
[BlackElo "2140"]
[PlyCount "132"]
[EventDate "1986.??.??"]

{3/(14)} 1. a3 e5 2. b3 Nc6 3. e3 Qe7 4. Bb2 f5 5. Ne2 Nf6 6. g3 g6 7. Bg2 Bg7
8. d3 d6 9. Nd2 Be6 10. c4 Nd8 11. Qc2 c6 12. O-O O-O 13. d4 e4 14. Nf4 g5 15.
Ne2 d5 16. a4 Qd7 17. Rfd1 Bh6 18. f4 exf3 19. Nxf3 g4 20. Ne5 Bxe3+ 21. Kh1
Qe8 22. Ba3 Rf7 23. Nxf7 Nxf7 24. Qd3 Bh6 25. Rf1 Ne4 26. Bc1 Qd7 27. Nf4 Bxf4
28. Bxf4 dxc4 29. bxc4 Rd8 30. Be3 Ne5 31. Qc2 Nxc4 32. Bg1 Bd5 33. Rf4 Qe6 34.
Re1 Ncd2 35. Be3 Nf3 36. Bxf3 gxf3 37. Kg1 Ng5 38. Rh4 f4 39. Bf2 Nh3+ 40. Rxh3
Qxh3 41. Be3 fxe3 42. Rxe3 Rf8 43. Qf2 Qg2+ 44. Qxg2 fxg2 45. Re1 Rf1+ 46. Rxf1
gxf1=Q+ 47. Kxf1 a5 48. Ke2 Bb3 49. Kd3 Bxa4 50. Kc3 b5 51. g4 Bd1 52. g5 Bf3
53. Kd3 Bd5 54. h4 b4 55. h5 a4 56. g6 hxg6 57. hxg6 a3 58. Kc2 Bc4 59. g7 Kxg7
60. d5 Bxd5 61. Kc1 c5 62. Kb1 c4 63. Ka1 b3 64. Kb1 c3 65. Ka1 b2+ 66. Kb1 a2+
0-1

[Event "Monroe (MI Op/7/17)"]
[Site "?"]
[Date "1986.??.??"]
[Round "?"]
[White "Ifill, Don"]
[Black "Feldstein, R.."]
[Result "0-1"]
[WhiteElo "1800"]
[BlackElo "2025"]
[PlyCount "146"]
[EventDate "1986.??.??"]

{7/(17)} 1. a3 Nf6 2. h3 e5 3. b3 Bc5 4. e3 O-O 5. g3 d5 6. d3 Nc6 7. Bb2 Re8
8. Bg2 Bf5 9. Ne2 Qd7 10. Nd2 Rad8 11. g4 Bg6 12. b4 Bb6 13. Nf3 e4 14. Nh4
exd3 15. cxd3 Ne5 16. Nf4 Qe7 17. O-O d4 18. e4 Rd6 19. Qd2 Nxe4 20. Nhxg6 Nxd2
21. Nxe7+ Rxe7 22. Rfd1 Ndf3+ 23. Kh1 c6 24. a4 f5 25. Bxf3 Nxf3 26. Kg2 fxg4
27. hxg4 Rf7 28. Nh5 Ne5 29. f4 Nxg4 30. Kf3 Nf6 31. Ng3 Re6 32. Re1 Rfe7 33.
Ne4 Nd5 34. a5 Bc7 35. Bxd4 Nxf4 36. Rad1 Rf7 37. Rg1 Nh3+ 38. Nf6+ Rfxf6+ 39.
Bxf6 Rxf6+ 40. Kg2 Nxg1 41. Kxg1 Rf4 42. Rb1 a6 43. Re1 Kf7 44. b5 axb5 45. Ra1
Ra4 46. Rc1 Bxa5 47. Kf1 Ra2 48. Rb1 Rd2 49. Ra1 b6 50. Rc1 c5 51. Rb1 b4 52.
Rb3 Ke6 53. Ke1 Rh2 54. Kd1 Kd5 55. Kc1 Kd4 56. Kd1 g5 57. Ke1 g4 58. Kf1 g3
59. Kg1 h5 60. Rb1 Rd2 61. Rf1 b3 62. Rf5 Rh2 63. Rf3 h4 64. Rf1 Bd2 65. Rd1
Be3+ 66. Kf1 g2+ 67. Ke2 g1=N+ 68. Ke1 Nf3+ 69. Kf1 Rh1+ 70. Ke2 Rxd1 71. Kxd1
Ne5 72. Ke1 b2 73. Ke2 b1=N 0-1

[Event "Warren (MCO/3/26)"]
[Site "?"]
[Date "1986.??.??"]
[Round "?"]
[White "Hosey, L.."]
[Black "Wlodarczyk, P.."]
[Result "1/2-1/2"]
[WhiteElo "1825"]
[BlackElo "1620"]
[PlyCount "84"]
[EventDate "1986.??.??"]

{3/(26)} 1. e4 e5 2. Nf3 Nc6 3. Bb5 d6 4. d4 exd4 5. Nxd4 Bd7 6. O-O Nxd4 7.
Bxd7+ Qxd7 8. Qxd4 Ne7 9. Nc3 Nc6 10. Qd1 O-O-O 11. Be3 Kb8 12. a4 g6 13. Bg5
Re8 14. Nd5 Be7 15. Bxe7 Nxe7 16. Nf6 Qc6 17. Nxe8 Rxe8 18. Qf3 Rf8 19. Qf6 Qe8
20. Rad1 Ng8 21. Qd4 f6 22. a5 Ne7 23. b4 Qa4 24. c3 Nc6 25. Qd5 Ne5 26. Ra1
Qd7 27. a6 c6 28. Qd4 b6 29. Rfd1 Kc7 30. f4 Ng4 31. h3 Nh6 32. c4 Ng8 33. c5
Rd8 34. cxd6+ Qxd6 35. Qxd6+ Rxd6 36. Rxd6 Kxd6 37. Rd1+ Kc7 38. e5 fxe5 39.
fxe5 Ne7 40. e6 Nd5 41. Kf1 Kd6 42. Kf2 Ke7 1/2-1/2